[Event "World Cup U16 KO"]
[Site "Tornelo INT"]
[Date "2021.08.26"]
[Round "1.1"]
[White "Reyes, Chester Neil"]
[Black "Murzin, Volodar"]
[Result "0-1"]
[WhiteElo "1837"]
[BlackElo "2505"]
[PlyCount "122"]
[EventDate "2021.08.26"]
[EventType "k.o. (rapid)"]
[EventRounds "4"]
[EventCountry "NET"]
[SourceTitle "CBM 204 Extra"]
[Source "ChessBase"]
[SourceDate "2021.11.30"]
[SourceVersion "1"]
[SourceVersionDate "2021.11.30"]
[SourceQuality "1"]

1. e4 c6 2. d3 d5 3. Nd2 g6 4. g3 Bg7 5. Bg2 e5 6. Ngf3 Ne7 7. 0-0 0-0 8. Re1 d4 9. c3 c5 10. cxd4 cxd4 11. b4 Be6 12. a4 h6 13. b5 Nd7 14. Ba3 Rc8 15. Rc1 Re8 16. Rxc8 Nxc8 17. Qc2 Bf8 18. Bxf8 Kxf8 19. Nc4 Bxc4 20. Qxc4 b6 21. Bh3 Nc5 22. Nd2 Nd6 23. Qc2 Kg7 24. Kg2 Qa8 25. f4 f6 26. Nf3 Qb7 27. Rf1 Qe7 28. Nh4 exf4 29. gxf4 f5 30. Qf2 fxe4 31. Qxd4+ Qf6 32. Qxf6+ Kxf6 33. dxe4 Rxe4 34. Rd1 Nc4 35. Rd8 g5 36. Nf5 Rxf4 37. Nxh6 Ne3+ 38. Kg1 g4 39. Bg2 Kg5 40. Ng8 Rxa4 41. Bc6 Nf5 42. Re8 Ra1+ 43. Kg2 Ra2+ 44. Kg1 Nd4 45. Ne7 Nf3+ 46. Bxf3 gxf3 47. Rf8 Kg4 48. Nd5 Ra1+ 49. Kf2 Ne4+ 50. Ke3 Re1+ 51. Kd3 Nc5+ 52. Kd2 Re2+ 53. Kd1 Nd3 54. Rg8+ Kh4 55. Rh8+ Kg5 56. Rg8+ Kh6 57. Rf8 Nb2+ 58. Kc1 f2 59. Nb4 Nc4 60. Nd3 Re1+ 61. Kc2 f1Q 0-1